000 00359cam a2200157ua 4500
041 _aeng
_h
082 _a940
_bLIT/HI
100 _aLittlefield, Hennry W.
245 _aHistory of europe : since 1815
250 _a20 /
_b.
260 _aNewyork :
_bBarnes & Noble Inc ,
_c1961.
300 _a322 ; .
504 _a
942 _cBK
999 _c620
_d620